[Event "Managua Hurtado Memorial 20th"]
[Site "Managua"]
[Date "2020.12.28"]
[Round "5"]
[White "Escorcia Obando, Carlos David"]
[Black "Simplina, Amor"]
[Result "0-1"]
[WhiteElo "1973"]
[BlackElo "2132"]
[PlyCount "108"]
[EventDate "2020.12.26"]
[EventType "swiss"]
[EventRounds "9"]
[EventCountry "NCA"]
[SourceTitle "CBM 200 Extra"]
[Source "ChessBase"]
[SourceDate "2021.03.31"]
[SourceVersion "1"]
[SourceVersionDate "2021.03.31"]
[SourceQuality "1"]

1. e4 c5 2. Nc3 d6 3. g3 Nc6 4. Bg2 Nf6 5. d3 e5 6. Nge2 Be7 7. 0-0 0-0 8. f4 Bg4 9. h3 Bd7 10. Be3 Nd4 11. Qd2 b5 12. f5 b4 13. Nd1 Rb8 14. g4 h6 15. Ng3 Nh7 16. Nh5 Bg5 17. c3 bxc3 18. bxc3 Nb5 19. f6 Nxf6 20. Bxg5 hxg5 21. Nxf6+ gxf6 22. Ne3 Nc7 23. Nd5 Nxd5 24. exd5 Kg7 25. Be4 Rh8 26. Rf3 Rh6 27. Raf1 Qe7 28. Qe3 a5 29. a3 Rb3 30. Rxf6 Qxf6 31. Rxf6 Kxf6 32. d4 cxd4 33. Qf2+ Ke7 34. cxd4 exd4 35. Qxd4 Rhxh3 36. Bg2 Rhg3 37. Qe4+ Kf8 38. Qc2 Rxa3 39. Qc7 Ke7 40. Qc1 f6 41. Kf1 a4 42. Qb1 Rxg4 43. Qe1+ Kf8 44. Qb1 Rb3 45. Qg6 Rf4+ 46. Kg1 a3 47. Qh6+ Ke7 48. Qh7+ Kd8 49. Qc2 Rb2 50. Qc3 Rff2 51. Bf3 a2 52. Qxf6+ Kc7 53. Qc3+ Kb7 54. Qa3 Rfc2 0-1

[Event "Managua Hurtado Memorial 20th"]
[Site "Managua"]
[Date "2020.12.27"]
[Round "2"]
[White "Picado, Jorge Luis"]
[Black "Escorcia Obando, Carlos David"]
[Result "1-0"]
[WhiteElo "2202"]
[BlackElo "1973"]
[PlyCount "95"]
[EventDate "2020.12.26"]
[EventType "swiss"]
[EventRounds "9"]
[EventCountry "NCA"]
[SourceTitle "CBM 200 Extra"]
[Source "ChessBase"]
[SourceDate "2021.03.31"]
[SourceVersion "1"]
[SourceVersionDate "2021.03.31"]
[SourceQuality "1"]

1. e4 e5 2. Nf3 Nc6 3. Bc4 Nf6 4. d3 Bc5 5. Nc3 d6 6. Bg5 Be6 7. Nd5 Bxd5 8. Bxd5 0-0 9. Qd2 Qe7 10. 0-0-0 Nd8 11. Rhf1 c6 12. Bb3 Ne6 13. Bh4 a5 14. a4 h6 15. g4 g5 16. Nxg5 hxg5 17. Bxg5 Nxg5 18. Qxg5+ Kh8 19. d4 Bxd4 20. Rd3 Rae8 21. Rh3+ Nh7 22. Qh5 f6 23. Be6 Qg7 24. Bf5 Re7 25. c3 Bc5 26. f4 exf4 27. Rxf4 Qg5 28. Qxg5 fxg5 29. Rff3 Rff7 30. Rh5 Rg7 31. Rh6 Rgf7 32. Kc2 Kg8 33. Rfh3 Rg7 34. Kd3 Nf8 35. Kc4 b5+ 36. axb5 cxb5+ 37. Kxb5 Rb7+ 38. Kc4 Rxb2 39. Rh8+ Kf7 40. e5 a4 41. R3h6 Rb8 42. exd6 a3 43. Kxc5 a2 44. Rxf8+ Kxf8 45. Be6 Ra7 46. Rg6 Ra5+ 47. Kd4 Rb4+ 48. Kd3 1-0

[Event "NCA-chT Final"]
[Site "Managua"]
[Date "2020.10.31"]
[Round "6.2"]
[White "Escorcia Obando, Carlos David"]
[Black "Puhiera, Roger"]
[Result "1-0"]
[WhiteElo "1831"]
[BlackElo "1945"]
[PlyCount "42"]
[EventDate "2020.10.24"]
[EventType "team-tourn"]
[EventRounds "11"]
[EventCountry "NCA"]
[SourceTitle "EXT 2022"]
[Source "ChessBase"]
[SourceDate "2021.10.06"]
[SourceVersion "1"]
[SourceVersionDate "2021.10.06"]
[SourceQuality "1"]

1. e4 d6 2. Nc3 g6 3. g3 c5 4. Bg2 Nc6 5. Nge2 Bg7 6. 0-0 h5 7. h3 g5 8. d3 e5 9. Nd5 Nh6 10. f4 gxf4 11. gxf4 exf4 12. Nexf4 Bd4+ 13. Be3 Bxb2 14. Rb1 Be5 15. Nxh5 f5 16. exf5 Nxf5 17. Qg4 Nh4 18. Ng7+ Bxg7 19. Qxg7 Be6 20. Nf6+ Qxf6 21. Qxf6 Kd7 1-0

[Event "NCA-chT 1st Stage"]
[Site "Managua"]
[Date "2020.10.04"]
[Round "4.10"]
[White "Soza Moreno, Francisco Javier"]
[Black "Escorcia Obando, Carlos David"]
[Result "1/2-1/2"]
[WhiteElo "1779"]
[BlackElo "1831"]
[PlyCount "128"]
[EventDate "2020.10.03"]
[EventType "team-swiss"]
[EventRounds "9"]
[EventCountry "NCA"]
[SourceTitle "EXT 2022"]
[Source "ChessBase"]
[SourceDate "2021.10.06"]
[SourceVersion "1"]
[SourceVersionDate "2021.10.06"]
[SourceQuality "1"]

1. c4 Nf6 2. Nc3 c5 3. e4 Nc6 4. d3 d6 5. f4 g6 6. Nf3 Bg7 7. Be2 0-0 8. 0-0 Bd7 9. h3 Rb8 10. a3 Ne8 11. Kh2 f5 12. exf5 gxf5 13. Ng5 Nf6 14. Bf3 Nd4 15. Be2 e5 16. fxe5 dxe5 17. Nf3 Nxf3+ 18. Bxf3 Be6 19. Bg5 a6 20. Bd5 Qd7 21. Bxf6 Rxf6 22. Qh5 Rbf8 23. Qe2 R6f7 24. Rf3 b5 25. Raf1 bxc4 26. dxc4 e4 27. R3f2 Qd6+ 28. Kh1 Bxc3 29. Bxe6 Qxe6 30. bxc3 Kh8 31. Rf4 Qe5 32. Qe3 Rf6 33. g4 fxg4 34. Rxf6 Rxf6 35. Rxf6 Qxf6 36. Qxe4 Qf1+ 37. Kh2 Qxh3+ 38. Kg1 g3 39. Qe8+ Kg7 40. Qe7+ Kg6 41. Qd6+ Kf7 42. Qc7+ Kf6 43. Qd6+ Kg5 44. Qxc5+ Kg6 45. Qc6+ Kf7 46. Qd5+ Kg7 47. Qg2 Qg4 48. Qb7+ Kf8 49. Qxa6 Qf3 50. Qc8+ Kg7 51. Qc7+ Kf8 52. Qd6+ Kg7 53. Qd4+ Kf8 54. Qd2 h5 55. c5 h4 56. c6 Ke7 57. Qd7+ Kf6 58. Qd4+ Kg5 59. c7 h3 60. Qd8+ Kh5 61. Qh8+ Kg5 62. Qg7+ Kh5 63. Qe5+ Kh4 64. Qh8+ Kg5 1/2-1/2

[Event "NCA-ch"]
[Site "Managua"]
[Date "2020.03.15"]
[Round "8"]
[White "Arevalo Lopez, Josue"]
[Black "Escorcia Obando, Carlos David"]
[Result "1-0"]
[WhiteElo "2024"]
[BlackElo "1753"]
[PlyCount "69"]
[EventDate "2020.02.29"]
[EventType "tourn"]
[EventRounds "11"]
[EventCountry "NCA"]
[SourceTitle "CBM 195 Extra"]
[Source "ChessBase"]
[SourceDate "2020.05.31"]
[SourceVersion "1"]
[SourceVersionDate "2020.05.31"]
[SourceQuality "1"]

1. d4 Nf6 2. Nf3 d5 3. e3 e6 4. Bd3 Be7 5. 0-0 0-0 6. Nbd2 b6 7. b3 Bb7 8. c4 c5 9. Bb2 Nbd7 10. Qe2 Ne4 11. cxd5 exd5 12. Rac1 f5 13. Rfd1 Bf6 14. Ba3 Re8 15. Bb5 a6 16. Bxd7 Qxd7 17. Bb2 f4 18. Nxe4 dxe4 19. Ne5 Bxe5 20. dxe5 Qf7 21. exf4 Qxf4 22. Rd7 Bc6 23. Rd6 Bb5 24. Qe1 Rab8 25. Qc3 Rf8 26. Qd2 Qg4 27. Qd5+ Kh8 28. Re1 Bd3 29. e6 Qf4 30. f3 exf3 31. gxf3 Bg6 32. Rd7 Rg8 33. Be5 Qg5+ 34. Kf2 Rbe8 35. Bxg7+ 1-0

[Event "NCA-ch"]
[Site "Managua"]
[Date "2020.03.01"]
[Round "3"]
[White "Alfaro Caracas, William"]
[Black "Escorcia Obando, Carlos David"]
[Result "1-0"]
[WhiteElo "2109"]
[BlackElo "1753"]
[PlyCount "57"]
[EventDate "2020.02.29"]
[EventType "tourn"]
[EventRounds "11"]
[EventCountry "NCA"]
[SourceTitle "CBM 195 Extra"]
[Source "ChessBase"]
[SourceDate "2020.05.31"]
[SourceVersion "1"]
[SourceVersionDate "2020.05.31"]
[SourceQuality "1"]

1. d4 Nf6 2. Nf3 d5 3. c4 e6 4. g3 c6 5. Bg2 Be7 6. 0-0 0-0 7. Nc3 b6 8. Qc2 Bb7 9. b3 Nbd7 10. Rd1 Rc8 11. e4 Nxe4 12. Nxe4 dxe4 13. Qxe4 Nf6 14. Qe2 Qc7 15. Bf4 Bd6 16. Bxd6 Qxd6 17. Ne5 Qe7 18. Rd2 Rfd8 19. Rad1 Kf8 20. h4 Nd7 21. Qe4 Nf6 22. Qc2 h6 23. Qb2 Ba8 24. b4 Re8 25. c5 Nd5 26. Nc4 Rb8 27. a3 a5 28. Bxd5 cxd5 29. Nxb6 1-0

[Event "Managua Hurtado Memorial 19th"]
[Site "Managua"]
[Date "2019.12.29"]
[Round "7"]
[White "Escorcia Obando, Carlos David"]
[Black "Espinoza Solano, Jose Nahum"]
[Result "1/2-1/2"]
[WhiteElo "1795"]
[BlackElo "1878"]
[PlyCount "127"]
[EventDate "2019.12.26"]
[EventType "swiss"]
[EventRounds "9"]
[EventCountry "NCA"]
[SourceTitle "CBM 195 Extra"]
[Source "ChessBase"]
[SourceDate "2020.05.31"]
[SourceVersion "1"]
[SourceVersionDate "2020.05.31"]
[SourceQuality "1"]

1. e4 e5 2. Nc3 Bc5 3. Bc4 Nc6 4. Nge2 Nf6 5. 0-0 0-0 6. a3 a5 7. d3 Nd4 8. Nxd4 exd4 9. Nd5 c6 10. Nxf6+ Qxf6 11. a4 d6 12. f4 Be6 13. Bxe6 fxe6 14. Bd2 e5 15. f5 d5 16. Qg4 dxe4 17. Bg5 Qd6 18. Qxe4 Qd5 19. Qg4 Bb4 20. f6 Rf7 21. Bh6 g6 22. h4 Bf8 23. Bg5 h5 24. Qe2 Qe6 25. Rf4 Re8 26. Re4 Kh7 27. Rf1 Bh6 28. g4 hxg4 29. Rxg4 Ref8 30. Re4 Qh3 31. Rf3 Qd7 32. Rxe5 Qg4+ 33. Qg2 Qh5 34. Qg3 Bxg5 35. hxg5 Kg8 36. Kg2 Rh7 37. Qh3 b6 38. Qxh5 Rxh5 39. Rh3 Rxh3 40. Kxh3 Rb8 41. Kg4 b5 42. axb5 cxb5 43. Kf4 a4 44. Ke4 b4 45. Kxd4 b3 46. cxb3 Rxb3 47. Ra5 Rxb2 48. Kc4 Rg2 49. d4 a3 50. Ra8+ Kf7 51. Ra7+ Kf8 52. d5 Rg4+ 53. Kc5 Rxg5 54. Rxa3 Rf5 55. Kc6 Rxf6+ 56. d6 Rf1 57. d7 Rc1+ 58. Kd6 Rd1+ 59. Kc6 Rc1+ 60. Kd6 Rd1+ 61. Ke6 Re1+ 62. Kf6 Rd1 63. Ke6 Re1+ 64. Kf6 1/2-1/2

[Event "NCA-ch U20"]
[Site "Managua"]
[Date "2019.06.29"]
[Round "4.1"]
[White "Espinoza Solano, Jose Nahum"]
[Black "Escorcia Obando, Carlos David"]
[Result "0-1"]
[WhiteElo "2011"]
[BlackElo "1840"]
[PlyCount "84"]
[EventDate "2019.06.22"]
[EventType "swiss"]
[EventRounds "9"]
[EventCountry "NCA"]
[SourceTitle "EXT 2024"]
[Source "ChessBase"]
[SourceDate "2023.10.10"]
[SourceVersion "1"]
[SourceVersionDate "2023.10.10"]
[SourceQuality "1"]

1. e4 b6 2. d4 Bb7 3. Nc3 e6 4. f4 Bb4 5. Bd3 Nf6 6. Qe2 d5 7. e5 Ne4 8. Bxe4 dxe4 9. a3 Bxc3+ 10. bxc3 Qd5 11. Qg4 Qc4 12. Ne2 Ba6 13. Kf2 h5 14. Qxg7 Qxe2+ 15. Kg3 h4+ 16. Kh3 Qh5 17. Qg5 Nd7 18. Re1 Bb7 19. Be3 Nf8 20. Rf1 Ng6 21. Qxh5 Rxh5 22. Kg4 Rf5 23. d5 Bxd5 24. Rad1 Rd8 25. Rf2 Ke7 26. Kh3 c5 27. a4 c4 28. Rb1 Rc8 29. a5 bxa5 30. Ra1 Rc7 31. Rxa5 f6 32. exf6+ Kxf6 33. g4 hxg3 34. hxg3 Rh7+ 35. Kg4 Rg7 36. Kh3 Rh5+ 37. Kg2 Rgh7 38. Kf1 Kf5 39. Ke2 Kg4 40. Rg2 Rh2 41. Rf2 Ne7 42. Rxa7 Nf5 0-1

[Event "Managua Hurtado Memorial 18th"]
[Site "Managua"]
[Date "2018.12.30"]
[Round "8"]
[White "Escorcia Obando, Carlos David"]
[Black "Rios, Edgard"]
[Result "1-0"]
[WhiteElo "1750"]
[BlackElo "1845"]
[PlyCount "119"]
[EventDate "2018.12.26"]
[EventType "swiss"]
[EventRounds "9"]
[EventCountry "NCA"]
[SourceTitle "EXT 2020"]
[Source "ChessBase"]
[SourceDate "2019.10.17"]
[SourceVersion "1"]
[SourceVersionDate "2019.10.17"]
[SourceQuality "1"]

1. e4 c5 2. Nf3 e6 3. d4 cxd4 4. Nxd4 a6 5. c4 Nf6 6. Nc3 Qc7 7. Be2 Nc6 8. Be3 Bb4 9. f3 0-0 10. 0-0 Bxc3 11. bxc3 d6 12. Qd2 Ne5 13. Bf4 Rd8 14. Rac1 b6 15. Qb2 Ned7 16. Bg5 h6 17. Bh4 g5 18. Bf2 Rb8 19. h4 Ne5 20. hxg5 hxg5 21. Be3 Nh7 22. Qb3 Bd7 23. f4 gxf4 24. Rxf4 Ng6 25. Rf2 Kg7 26. Rcf1 Rf8 27. Qc2 Qd8 28. Qd2 Qh4 29. Bh6+ Qxh6 30. Rxf7+ Rxf7 31. Rxf7+ Kxf7 32. Qxh6 Nf6 33. Bh5 Nxh5 34. Qxh5 Rh8 35. Qf3+ Kg7 36. Qg3 e5 37. Nf5+ Kf6 38. Nxd6 Rh4 39. Qe3 Rg4 40. Qxb6 Be6 41. Qd8+ Kg7 42. Nf5+ Bxf5 43. exf5 Nf4 44. f6+ Kg6 45. Qg8+ Kf5 46. f7 Ne6 47. f8Q+ Nxf8 48. Qxf8+ Kg5 49. Qe7+ Kf4 50. Qf6+ Kg3 51. Qxe5+ Kh4 52. c5 a5 53. c6 a4 54. c7 a3 55. Qh2+ Kg5 56. c8Q Re4 57. Qg3+ Kf6 58. Qf3+ Ke5 59. Qe8+ Kd6 60. Qexe4 1-0

[Event "Managua Hurtado Memorial 18th"]
[Site "Managua"]
[Date "2018.12.28"]
[Round "5"]
[White "Castillo, Rommel"]
[Black "Escorcia Obando, Carlos David"]
[Result "1/2-1/2"]
[WhiteElo "2066"]
[BlackElo "1750"]
[PlyCount "106"]
[EventDate "2018.12.26"]
[EventType "swiss"]
[EventRounds "9"]
[EventCountry "NCA"]
[SourceTitle "EXT 2020"]
[Source "ChessBase"]
[SourceDate "2019.10.17"]
[SourceVersion "1"]
[SourceVersionDate "2019.10.17"]
[SourceQuality "1"]

1. c4 Nf6 2. Nc3 e6 3. f4 Bb4 4. Nf3 b6 5. g3 Bb7 6. Bg2 0-0 7. 0-0 d6 8. Qc2 c5 9. a3 Bxc3 10. Qxc3 Nc6 11. b4 Qc7 12. Bb2 Ne7 13. Rfc1 Rac8 14. d3 d5 15. e3 Nf5 16. Qd2 Ng4 17. Re1 dxc4 18. dxc4 Rfd8 19. Qc1 cxb4 20. e4 Ne7 21. axb4 Qxc4 22. Qxc4 Rxc4 23. h3 Nf6 24. Rxa7 Rc7 25. Bd4 Nc6 26. Bxb6 Nxa7 27. Bxc7 Rd7 28. Be5 Nxe4 29. Bd4 Nb5 30. Bf2 Nxf2 31. Kxf2 Bxf3 32. Bxf3 Rd4 33. Rd1 Rxd1 34. Bxd1 Kf8 35. Ke3 Ke7 36. Bc2 g6 37. Bd3 Nc7 38. Kd2 Kd6 39. Bc4 Na8 40. g4 f6 41. h4 Nb6 42. Bb3 Nd7 43. g5 f5 44. Bd1 Nb6 45. Bf3 Nd7 46. b5 Nb6 47. Bc6 Na4 48. Be8 Nb6 49. Bc6 Na4 50. Be8 Nb6 51. Bc6 Na4 52. Be8 Nb6 53. Bc6 Na4 1/2-1/2

[Event "Managua Hurtado Memorial 18th"]
[Site "Managua"]
[Date "2018.12.27"]
[Round "3"]
[White "Rocha, Maximiliano"]
[Black "Escorcia Obando, Carlos David"]
[Result "0-1"]
[WhiteElo "2152"]
[BlackElo "1750"]
[PlyCount "60"]
[EventDate "2018.12.26"]
[EventType "swiss"]
[EventRounds "9"]
[EventCountry "NCA"]
[SourceTitle "EXT 2020"]
[Source "ChessBase"]
[SourceDate "2019.10.17"]
[SourceVersion "1"]
[SourceVersionDate "2019.10.17"]
[SourceQuality "1"]

1. d4 Nf6 2. Bg5 e6 3. e4 h6 4. Bxf6 Qxf6 5. Nf3 d5 6. e5 Qg6 7. g3 Be7 8. Bd3 f5 9. Nc3 Nd7 10. Ne2 b6 11. Nf4 Qf7 12. h4 g6 13. g4 Nf8 14. gxf5 gxf5 15. Qe2 Bb7 16. 0-0-0 0-0-0 17. c4 Ng6 18. Nxg6 Qxg6 19. Kb1 Qh5 20. c5 bxc5 21. dxc5 Bxc5 22. Ba6 Bb6 23. Rhg1 Rhg8 24. a4 Rg4 25. Nh2 Rxh4 26. Qb5 Rc4 27. b4 Qe2 28. Qxc4 dxc4 29. Bxb7+ Kxb7 30. Rxd8 c3 0-1

[Event "NCA-ch sf"]
[Site "Managua"]
[Date "2018.02.24"]
[Round "7"]
[White "Escorcia Obando, Carlos David"]
[Black "Rios, Edgard"]
[Result "1/2-1/2"]
[WhiteElo "1555"]
[BlackElo "1855"]
[PlyCount "50"]
[EventDate "2018.02.10"]
[EventType "swiss"]
[EventRounds "9"]
[EventCountry "NCA"]
[SourceTitle "CBM 183 Extra"]
[Source "ChessBase"]
[SourceDate "2018.04.19"]
[SourceVersion "1"]
[SourceVersionDate "2018.04.19"]
[SourceQuality "1"]

1. e4 c5 2. Nf3 e6 3. d4 cxd4 4. Nxd4 a6 5. c4 Nf6 6. Nc3 Bb4 7. f3 Qc7 8. Bd2 Nc6 9. Nb3 b6 10. Be2 Bb7 11. 0-0 Be7 12. Rc1 0-0 13. Be3 Rab8 14. Na4 Ba8 15. c5 b5 16. Nb6 Bb7 17. Qd2 d6 18. cxd6 Bxd6 19. g3 Bxg3 20. hxg3 Qxg3+ 21. Kh1 Qh3+ 22. Kg1 Qg3+ 23. Kh1 Qh3+ 24. Kg1 Qg3+ 25. Kh1 Qh3+ 1/2-1/2